000 00259nam a2200109Ia 4500
008 200302s9999 xx 000 0 und d
100 _aMaeng Ki Young
245 _aI A Interior Architect
260 _bArchiworld Co., Ltd.,
260 _c2002
300 _a157 P.,
999 _c1646
_d1646